Practical Physics Part II XII Class (Record no. 1060)

MARC details
000 -LEADER
fixed length control field 00369nam a2200157Ia 4500
008 - FIXED-LENGTH DATA ELEMENTS--GENERAL INFORMATION
fixed length control field 221030s9999 xx 000 0 und d
041 ## - LANGUAGE CODE
Language code of text/sound track or separate title
082 ## - DEWEY DECIMAL CLASSIFICATION NUMBER
Classification number 105.23
Item number Ana
100 ## - MAIN ENTRY--AUTHOR NAME
Personal name S. C. Anand
245 #0 - TITLE STATEMENT
Title Practical Physics Part II XII Class
260 ## - PUBLICATION, DISTRIBUTION, ETC. (IMPRINT)
Name of publisher Radha Krishan
Place of publication Jammu
Year of publication 1987
300 ## - PHYSICAL DESCRIPTION
Number of Pages 82
650 ## - SUBJECT ADDED ENTRY--TOPICAL TERM
Topical Term Physics
700 ## - ADDED ENTRY--PERSONAL NAME
Personal name V. Sharma
942 ## - ADDED ENTRY ELEMENTS (KOHA)
Koha item type Books
Holdings
Accession Number Cost, normal purchase price Full call number Price effective from Koha item type Withdrawn / writtenoff status Materials specified (bound volume or other part) Damaged status Not for loan Permanent Location Current Location Shelving location Date acquired Lost/ Missing status department
BE 53 15.00 105.23 Ana 10/30/2022 Books   Print     MIET Library, Jammu MIET Library, Jammu BL-Academic Block - C, FL-2, CUP-7, SH-1, R-1 10/29/1998   BE